Aus Gräbern, Heiligtümern und Siedlungen : die altëgyptische Sammlung des Übersee-Museums Bremen /

Saved in:

Corporate Author: Übersee-Museum Bremen.

Other Authors: Felgenhauer, Annette., Baetens, Gert.

Format: Book

Language: German

Published: Darmstadt : Philipp von Zabern, [2015].

Subjects:

Tags: Add Tag

No Tags, Be the first to tag this record!

Call Number: DT59 .B74 U24 2015

LEADER 01137namaa2200289 4500
003 OSt
005 20260510103919.0
008 160324t20152015gw ab bc 000 0 ger d
020 |a 9783805349420 
020 |a 3805349424 
040 |c ARCE Library 
043 |a f-ua--- 
050 4 |a DT59 .B74 U24 2015 
110 2 |a Übersee-Museum Bremen. 
245 1 0 |a Aus Gräbern, Heiligtümern und Siedlungen :   |b die altëgyptische Sammlung des Übersee-Museums Bremen /   |c herausgegeben vom Übersee-Museum Bremen ; bearbeitet von Annette Felgenhauer ; mit Beiträgen von Gert Baetens [and eleven others].  |h   
264 1 |a Darmstadt :  |b Philipp von Zabern,  |c [2015]. 
264 4 |c ©2015. 
300 |a 191 pages :  |b illustrations (chiefly color), maps (some color) ;   |c 29 cm. 
504 |a Includes bibliographical references (pages 185-191) 
610 2 0 |a Übersee-Museum Bremen   |v Catalogs. 
650 0 |a Archaeological museums and collections  |z Germany  |z Bremen. 
651 0 |a Egypt  |x Antiquities  |v Catalogs. 
700 1 |a Felgenhauer, Annette.  |9 29940 
700 1 |a Baetens, Gert.  |9 26044 
901 |a reviewed 
942 |c BK  |2 lcc 
999 |c 2269  |d 2269